|
|
|
|
| LEADER |
01505nam a2200409Ia 4500 |
| 001 |
EBC282123 |
| 003 |
MiAaPQ |
| 005 |
20200520144314.0 |
| 006 |
m o d | |
| 007 |
cr cn||||||||| |
| 008 |
060905s2007 enka sb 001 0 eng d |
| 020 |
|
|
|z 0750682590 (hbk.)
|
| 020 |
|
|
|z 0080466079
|
| 020 |
|
|
|z 9780750682596 (hbk.)
|
| 035 |
|
|
|a (MiAaPQ)EBC282123
|
| 035 |
|
|
|a (Au-PeEL)EBL282123
|
| 035 |
|
|
|a (CaPaEBR)ebr10151430
|
| 035 |
|
|
|a (CaONFJC)MIL70817
|
| 035 |
|
|
|a (OCoLC)437175639
|
| 040 |
|
|
|a MiAaPQ
|c MiAaPQ
|d MiAaPQ
|
| 050 |
|
4 |
|a HG5428
|b .V455 2007
|
| 082 |
0 |
4 |
|a 332.04154094
|2 22
|
| 245 |
0 |
0 |
|a Venture capital in Europe
|h [electronic resource] /
|c edited by Greg N. Gregoriou, Maher Kooli and Roman Kraeussl.
|
| 260 |
|
|
|a Oxford, UK ;
|a Burlington, MA :
|b Butterworth-Heinemann,
|c 2007.
|
| 300 |
|
|
|a xxix, 402 p. :
|b ill.
|
| 490 |
1 |
|
|a Quantitative finance series
|
| 504 |
|
|
|a Includes bibliographical references and index.
|
| 533 |
|
|
|a Electronic reproduction. Ann Arbor, MI : ProQuest, 2015. Available via World Wide Web. Access may be limited to ProQuest affiliated libraries.
|
| 650 |
|
0 |
|a Venture capital
|z Europe.
|
| 650 |
|
0 |
|a Saving and investment
|z Europe.
|
| 655 |
|
4 |
|a Electronic books.
|
| 700 |
1 |
|
|a Gregoriou, Greg N.,
|d 1956-
|
| 700 |
1 |
|
|a Kooli, Maher.
|
| 700 |
1 |
|
|a Kraussl, Roman.
|
| 710 |
2 |
|
|a ProQuest (Firm)
|
| 830 |
|
0 |
|a Quantitative finance series.
|
| 856 |
4 |
0 |
|u https://ebookcentral.proquest.com/lib/matrademy/detail.action?docID=282123
|z Click to View
|